Plus grandes ville de Poitou-Charentes - Statistiques

Statistiques générales
  • Ce quiz a été pris 230 fois
  • Le résultat moyen est 10 sur 15
Statistiques - réponses
Département Ville % Correct
Vienne Poitiers
98%
Charente Maritime La Rochelle
96%
Deux-Sèvres Niort
93%
Charente Angoulême
89%
Charente Maritime Saintes
78%
Charente Maritime Rochefort
76%
Charente Cognac
70%
Charente Maritime Royan
69%
Vienne Châtellerault
68%
Deux-Sèvres Parthenay
65%
Deux-Sèvres Bressuire
63%
Deux-Sèvres Thouars
50%
Vienne Buxerolles
34%
Vienne Loudun
31%
Charente Soyaux
30%
Aucun quiz correspondant
Distribution des résultats
% des personnes avec chaque résultat
Percentile par nombre de réponses
Votre historique - résultats
Vous n’avez pas pris ce quiz